000 00937nam a22002297a 4500
005 20240530110535.0
008 160330s2013 ua ak g b 000 0 ara d
017 _a2012/21324
_bمصر . دار الكتب المصرية
020 _a9789774280382
040 _aEG-CaGPL
082 0 4 _221
_a327.55056\
_bو إ
100 0 _aولاء على محمد
245 1 0 _aايران و الموقف من القضايا العربية /
_cولاء على محمد
250 _aط1
260 _aالقاهرة :
_bمصر العربية للنشر و التوزيع ،
_c2013 .
300 _a271 ص :
_bايض :
_c24 سم .
504 _aيشتمل على ارجاعات ببليوجرافية
651 0 4 _aايران
_xالعلاقات الخارجية
_zالعالم العربى
651 0 4 _aالعالم العربى
_xالعلاقات الخارجية
_zايران
942 _2ddc
_cBK
999 _c62177
_d62177